000 00432nam a22001817a 4500
003 MPLRDC
005 20220104114516.0
008 210129b ||||| |||| 00| 0 eng d
020 _a7-5362-1083-3
082 _a539.8 WB v.3
100 _a文波
245 _a绝妙阿凡提全集. 三
_c
250 _a一版一刷
260 _a
_b岭南美术出版社
_c1994
300 _b
650 _a笑话
942 _cBK
_o539.8 WB v.3
999 _c8023
_d8013